000 00386 a2200157 4500
001 149685
040 _cEscola São Tomás de Aquino
100 _aMANUEL FILHO
240 1 0 _aQuem tem medo do Boitatá?
_lpor
245 1 0 _aQuem tem medo do Boitatá?
300 _a31
362 0 _a2007
440 1 _aEscala Educacional
697 _aFolclore / Adivinhações / Lendas
942 _cBK
999 _c149685
_d149685